Electricidad y magnetismo: estrategias para la resolución de problemas y aplicaciones

Guardado en:
Detalles Bibliográficos
Autores principales: Serrano Domínguez, Víctor Gerardo (Autor), García Arana, Graciela (Autor), Gutiérrez Aranzeta, Carlos (Autor)
Formato: Libro
Lenguaje:español
Publicado: Ciudad de México Pearson Educación 2001
Materias:
Etiquetas: Agregar Etiqueta
Sin Etiquetas, Sea el primero en etiquetar este registro!

MARC

LEADER 00000nam a2200000 a 4500
001 UCM6466
003 CL-VaPUC
008 021108e20010000MX |||||||||||||||||spa|d
020 |a 9684445016 
082 0 4 |a 537  |b SER  |2 21 
100 0 |a Serrano Domínguez, Víctor Gerardo  |e author  |9 472370 
700 0 |a García Arana, Graciela  |e author  |9 472371 
700 0 |a Gutiérrez Aranzeta, Carlos  |e author  |9 472372 
245 1 0 |a Electricidad y magnetismo: estrategias para la resolución de problemas y aplicaciones 
300 |a 545 p 
942 |c BK 
945 |d 20021108 00:00:00  |a cmena 
260 |a Ciudad de México  |b Pearson Educación  |c 2001 
650 0 |a Electricidad  |9 260222 
650 0 |a Magnetismo  |9 260336 
650 0 |a Electromagnetismo   |9 260123 
650 7 |a CAMPOS ELECTRICOS  |2 CL-VaPUC  |9 472373 
650 7 |a LEY DE GAUSS  |2 CL-VaPUC  |9 354941 
650 7 |a POTENCIAL ELECTRICO  |2 CL-VaPUC  |9 472374 
650 0 |a Corrientes eléctricas   |9 354960 
650 0 |a Circuitos eléctricos   |9 260262 
650 7 |a CAMPOS MAGNETICOS  |2 CL-VaPUC  |9 472375 
583 |a last modification  |c 20171031 11:00:25  |k Rodrigo Vera 
999 |c 301865  |d 301863 
952 |0 0  |1 0  |2 ddc  |4 0  |6 537_000000000000000_SER_2001  |7 0  |8 A  |9 361546  |a BIBING  |b BIBING  |c RES  |d 2019-11-21  |i 3858901  |o 537 SER 2001  |p 3858901  |r 2025-01-20  |w 2019-11-21  |y BK  |k EIE 
952 |0 0  |1 0  |2 ddc  |4 0  |6 537_000000000000000_SER_2001  |7 0  |8 A  |9 361547  |a BIBING  |b BIBING  |c RES  |d 2019-11-21  |i 385891K  |o 537 SER 2001  |p 385891K  |r 2025-01-20  |w 2019-11-21  |y BK  |k EIE 
952 |0 0  |1 0  |2 ddc  |4 0  |6 537_000000000000000_SER_2001  |7 0  |8 A  |9 361549  |a BIBING  |b BIBING  |c RES  |d 2019-11-21  |i 3858936  |l 3  |m 1  |o 537 SER 2001  |p 3858936  |r 2025-01-20  |s 2023-09-26  |w 2019-11-21  |y BK  |k EIE 
952 |0 0  |1 0  |4 0  |6 537_000000000000000_SER_2001  |7 0  |8 A  |9 361550  |a BIBCUR  |b BIBCUR  |d 2019-11-21  |i 419408K  |l 4  |m 5  |o 537 SER 2001  |p 419408K  |r 2025-04-22  |s 2023-11-08  |w 2019-11-21  |y BK  |k FIS